000
00239nam a2200097Ia 4500
001
646857
005
20250826153650.0
008
250824s9999 xx 000 0 und d
245
0
_a
GELİRİM
_c
AHMED GÜNBAY YILDIZ
260
_b
TİMAŞ KÜLTÜR
999
_c
646857
_d
646857